000 01063nam a22002897a 4500
001 5355
003 FISKH
005 20241127154815.0
008 241127b cb ||||| |||| 00| 0 eng d
020 _a9780531265512
040 _aFISKH
_beng
_cFISKH
_dFISKH
050 _aHV6432.F743
082 _a363.3250973
100 _aFriedman, Mark
245 _aAmerica's Struggle with Terrorism :
_bBringing History to Life /
_cby Mark Friedman
260 _aNew York :
_bChildren Press ;
_c2012.
300 _a64 pages:
_bcolor illustrations , maps ;
_c24 cm .
490 _a Cornerstones of Freedom
_vThird Series
505 _aZ
520 _aAn account of the September 11 attacks in the United States, with a discussion of the war on terrorism, anthrax attacks, and new security measures put into place since that day.
521 8 _a920
_bLexile
521 8 _aZ
_bRaz-Plus
650 _aTerrorism- United State
_vNon-fiction
650 _aTerrorism- United State - History
_vJuvenile literature
942 _2ddc
_cBK
_n0
999 _c5355
_d5355